| 000 | 00949nam a22002295i 4500 | ||
|---|---|---|---|
| 001 | 167461 | ||
| 003 | ES-MaACL | ||
| 005 | 20250824052201.0 | ||
| 008 | 000113s1876 sp |||| | spa d | ||
| 080 | _a821.134.2-23"18" | ||
| 100 | 1 |
_aVidart, Luis, _d1833-1897 _eaut _9114538 |
|
| 245 | 1 | 0 |
_aCuestión de amores : _bdrama en tres actos / _cLuis Vidart. |
| 260 |
_aMadrid : _b[s.n.], _c1876 _f(Est. Tip. dirigido por José Cayetano Conde) |
||
| 300 |
_a53 páginas ; _c25 cm. |
||
| 530 | _aDisponible en formato digital | ||
| 655 | 0 |
_aTeatro _9234794 |
|
| 852 |
_aES-MaACL _cDEPOF _gDedicatoria autógrafa del autor _hDonativo de Luis Vidart _jT-205-F-9 _xEnc. en un vol. facticio _xHolandesa, falto de enc. original |
||
| 856 |
_uhttp://bdh-rd.bne.es/viewer.vm?id=0000174280&page=1 _yVersión en línea _z(Biblioteca Digital Hispánica) |
||
| 942 |
_2udc _cFOLLETOS _n0 |
||
| 999 |
_c167461 _d167461 |
||